000
00286 a2200109 4500
001
123087
020
_a
9798574973189
040
_c
Escola Canadense de Niteroi
100
_a
Minozzo, Edson Leandro
245
1
0
_a
Escola Segura: Prevenção de Acidentes e Primeiros Socorros
942
_c
REF
999
_c
123087
_d
123087